Marine electrical practice / (Record no. 1520)

000 -LEADER
fixed length control field 00480nam a2200169 4500
008 - FIXED-LENGTH DATA ELEMENTS--GENERAL INFORMATION
fixed length control field 200124b ||||| |||| 00| 0 eng d
082 00 - DEWEY DECIMAL CLASSIFICATION NUMBER
Classification number 623.8503
Item number W3371
100 ## - MAIN ENTRY--PERSONAL NAME
9 (RLIN) 1
Personal name Watson, G. O.
245 10 - TITLE STATEMENT
Title Marine electrical practice /
250 ## - EDITION STATEMENT
Edition statement 4th ed.
260 ## - PUBLICATION, DISTRIBUTION, ETC. (IMPRINT)
Place of publication, distribution, etc London
Name of publisher, distributor, etc Newnes - Butterworths
Date of publication, distribution, etc 1971
300 ## - PHYSICAL DESCRIPTION
Extent 502 p.
490 0# - SERIES STATEMENT
Series statement Marine Engineering Series
650 #0 - SUBJECT ADDED ENTRY--TOPICAL TERM
Topical term or geographic name as entry element Ships--Electric equipment
Topical term or geographic name as entry element Electrical Engineering
942 ## - ADDED ENTRY ELEMENTS (KOHA)
Source of classification or shelving scheme
Item type Books
Holdings
Withdrawn status Lost status Source of classification or shelving scheme Damaged status Not for loan Permanent location Current location Date acquired Full call number Barcode Date last seen Koha item type Source of acquisition
          IMU Kolkata IMU Kolkata 2020-01-24 623.8503 W3371 04461 2020-01-24 Books  
          IMU Kolkata IMU Kolkata 2023-12-20 623.8503 W3371 G01266 2023-12-20 Books Donated by S. Barua (Roll No. 1587)
Designed and Maintained by IMU-KC Library, Kolkata Campus © Copyright All Rights Reserved

webs counters

Powered by Koha